Дело о представлении в следующие чины служащих при Театральной дирекции императорских театров

Доступно только в Электронных читальных залах Найти на картеНа карте
RUSMARC
00003621nmc2a22000003x 450
0011db15258-1dff-450a-b423-628ff322b3ee
00520181003110626.0
100##$a20161216l18121813k l0rusy0189 ca
1010#$arus
102##$aRU
2001#$aДело о представлении в следующие чины служащих при Театральной дирекции императорских театров
$j7 ноября 1812 г. - 24 марта 1813 г.
251##$cДело
300##$aДело
801#0$aRU
$bРГИА
$c20161216
$gRCR
801#1$aRU
$bГлавНИВЦ
$c20161216
$2rusmarc
801#2$aRU
$bПБ им. Б.Н. Ельцина
$c20181003
$gRCR
$2rusmarc
850##$aРГИА
852##$aРГИА
$eФедеральное казенное учреждение "Российский государственный исторический архив" (РГИА)
$j1069
937##$hРГИА
$d12235279
$aASBIBLIO_SCAN
462#0$1001dd3991dc-24e1-42ec-8838-ca4255420416
$12001
$a1746-1850 гг.
$1251
$cОпись
$1852
$j1
461#0$10019264ebf8-de62-4f1a-9eb4-9f22098dbbd5
$12001
$aДирекция императорских театров МИДв
$1251
$cФонд
$1852
$j497
215##$a20 л.
$d36,5х26 см
371##$aДокумент не является опубликованным и широко распространяемым
105##$ay###
1222#$ad
035##$a1db15258-1dff-450a-b423-628ff322b3ee
856##$uhttp://readingroom.main.prlib.ru/item.aspx?id_node=n118833567&mode=full
Формат отображения